Informació d'Educació Ambiental
ISBN:
84-7794-427-X
Descripción Física:
[12] p. ; 24 cm + 2 disquets
Materias:
Educació ambiental
MARC
| LEADER | 00000nam a2200000Ia 4500 | ||
|---|---|---|---|
| 001 | 18077 | ||
| 008 | 160829s1996 xx 000 0 cat d | ||
| 020 | |a 84-7794-427-X | ||
| 080 | |a FU-49-41 | ||
| 245 | |a Informació d'Educació Ambiental | ||
| 250 | |a Ed. no venal | ||
| 260 | |a Barcelona : |b Diputació de Barcelona. Àrea de Medi Ambient, |c 1996 | ||
| 300 | |a [12] p. ; |c 24 cm + 2 disquets | ||
| 590 | |a Els disquets són de 3 i 1/2 | ||
| 650 | 0 | |a Educació ambiental |9 30861 | |
| 710 | |a Barcelona (Catalunya : Província). |b Àrea de Medi Ambient |9 52987 | ||
| 901 | |a Arxiu | ||
| 942 | |n 1 | ||
| 952 | |0 0 |1 0 |4 0 |6 FU4941 |7 1 |9 47981 |a Arxiu |b Arxiu |d 2016-12-01 |l 0 |o FU-49-41 |p 18077 |r 2016-12-01 00:00:00 |w 2016-12-01 |y ARXIU | ||
| 999 | |c 51782 |d 51782 | ||